000 00835nam a2200265Ia 4500
003 OSt
005 20220928113022.0
006 a|||||r|||| 00| 0
007 ta
008 220927b |||||||| |||| 00| 0 eng d
020 _cEURO 89.99
024 _a132625
037 _b14, 21/02/2017, Better Book Service
_cTextual
040 _aSDCL
_cSDCL
_beng
041 _2eng
_aeng
082 _aR:(O), Q6
100 _aSelleri Andrea Ed.
_9431241
245 0 _aLiterary studies and the philosophy of literature
_b New interdisciplinary directions
260 _aCham
_bPalgrave
_c2016
300 _av-290p
_ccm.
650 _aEnglish
700 _a Gaydon Philip Ed.
_9431242
942 _hR:(O), Q6
_cTEXL
_2CC
999 _c747668
_d747668